|
|
|
|
| LEADER |
00000cam a2200000 7i4500 |
| 001 |
0000008024 |
| 002 |
000008759 |
| 005 |
20150303.0 |
| 020 |
|
|
|a 9810047223
|
| 090 |
0 |
0 |
|a 297.63
|b RIN
|
| 245 |
0 |
0 |
|a Ringkasan riwayat 11 tokoh-tokoh sufi
|c disusuun oleh Al-Haqir Hamizan Hussin
|
| 260 |
|
|
|a Johor :
|b Al-Masyhur ,
|c 1993
|
| 300 |
|
|
|a 140p. ;
|c 21cm.
|
| 650 |
0 |
0 |
|a Muhammad, Prophet, d. 632
|x Companions
|
| 700 |
0 |
|
|a Hamizan Hussin
|f Al-Haqir
|
| 999 |
|
|
|a 052856
|b BUKU
|c PINJAMAN
|e PERPUSTAKAAN KOMUNITI PETALING JAYA
|
| 999 |
|
|
|a 052857
|b BUKU
|c PINJAMAN
|e PERPUSTAKAAN KOMUNITI PETALING JAYA
|